00414nam a22000977a 4500008004100000100005000041245010100091260004600192300003200238773004600270231106b ||||| |||| 00| 0 eng d aBorah, Partha Pratim and Bhuyan, Ankur Jyoti  aLocal self-governance in sixth scheduled areas of Assam: Constitutional and political challenges aIndian Journal of Public Administration  a69(3), Sep, 2023: p.692-697 aIndian Journal of Public Administration